| 000 | 02310cam a22004214i 4500 | ||
|---|---|---|---|
| 003 | PE-LiUPU | ||
| 005 | 20250731173202.0 | ||
| 008 | 150625s r 000 0 d | ||
| 035 | _a(Sirsi) a30230 | ||
| 040 |
_aPE-LiUPU _bspa _cPE-LiUPU _erda |
||
| 082 | 0 | 4 |
_a205 _bAB / 25 / S83 _221 |
| 100 | 1 |
_aStrathmann, Hermann, _eautor. |
|
| 245 | 1 | 3 |
_aLa Epístola a Los Hebreos / _cHermann Strathmann. |
| 264 | 1 |
_aMadrid : _bEdiciones Fax, _c1971. |
|
| 300 |
_a217 páginas ; _c21 cm. |
||
| 336 |
_atext _2rdacontent |
||
| 337 |
_aunmediated _2rdamedia |
||
| 338 |
_avolume _2rdacarrier |
||
| 505 | 0 | _aEminencia del hijo sobre los angeles. -Consecuencia: ¡No desatendais la nueva salud!. -El abajamiento de Jesus como condicion previa de sus sumo sacerdocio. -Priamcia de Jesus sobre Moises. -Advertencia de no perder la promesa, siguiendo el modelo de la generacion de la generacion israelitica del desierto. -La profesion de fe en Jesus como sumo sacerdote segun el orden de Melquisedec. -Advertencia contra la caida sin salvacion y amonestacion sobre esperar con toda confianza. -Linea de pensamiento y estructura. -El rey-sacerdote Melquisedec. -Linea de pensamiento. -Vision previa y estructura. -Clasificacion y estructura. -Mantengamonos firnes en la confesion de la esperanza y seamos fieles a la comunidad. -Al apostata le espera el juicio vindicativo de Dios. -retrospeccion y prospeccion para esfuezo del llamamiento hecho. -Esta fe fue lo desicivo en la conducta de los piadosos de todos los tiempos. -Luchemos con perseverancia. -¡Que nadie se nos desaproveche la gracia!. | |
| 526 | _aSEG42 | ||
| 526 | _aSEG41 | ||
| 526 | _aSEG40 | ||
| 526 | _aSEG39 | ||
| 526 | _aP94 | ||
| 526 | _aP87 | ||
| 526 | _aP86 | ||
| 526 | _aP85 | ||
| 526 | _aP77 | ||
| 526 | _aP76 | ||
| 526 | _aP35 | ||
| 630 |
_aBiblia. _pN.T. _pHebreos _xComentarios. |
||
| 910 | _a | ||
| 942 |
_2ddc _cBOOK |
||
| 949 |
_a205 AB / 25 / S83 _wDEWEY _c1 _i37228 _lCCODEBUL1 _mBUL _p00.00 _r0 _sY _tBOOK _u2015-06-25 _xBIBLIOTECA _zUNKNOWN _0COMPRA _o.STAFF. Colección General |
||
| 596 | _a1 | ||
| 999 |
_a205 AB / 25 / S83 _wDEWEY _c37664 _i37228 _d37664 _f2021-11-11 _g5 _lCCODEBUL1 _mBUL _q1 _r0 _sY _tBOOK _u2015-6-25 _xTEOLOGIA _zUNKNOWN _0COMPRA _o.STAFF. Colección General |
||
| 980 |
_81 _gALBERTO SANCHEZ Responsable de Automatización |
||